[Event "Sharjah Blitz op 27th"]
[Site "Sharjah"]
[Date "2022.04.08"]
[Round "9"]
[White "Mamantuc, Ibrahim Jr"]
[Black "Al Maamari, Wafia Darwish"]
[Result "1-0"]
[WhiteElo "1564"]
[BlackElo "1833"]
[PlyCount "54"]
[EventDate "2022.04.08"]
[EventType "swiss (blitz)"]
[EventRounds "9"]
[EventCountry "UAE"]
[SourceTitle "CBM 207 Extra"]
[Source "ChessBase"]
[SourceDate "2022.05.31"]
[SourceVersion "1"]
[SourceVersionDate "2022.05.31"]
[SourceQuality "1"]

1. e4 c5 2. Nc3 Nc6 3. Bc4 e6 4. a3 g6 5. Ba2 Bg7 6. d3 Nge7 7. Nge2 d5 8. Ng3 b6 9. 0-0 Bb7 10. Bf4 d4 11. Nce2 0-0 12. Bg5 Qd7 13. Qd2 Rfe8 14. Bh6 Bh8 15. Qg5 f6 16. Qd2 g5 17. f4 g4 18. f5 Nd8 19. Qf4 Kf7 20. fxe6+ Nxe6 21. Qxg4 Rg8 22. Qh5+ Ng6 23. Nf4 Rae8 24. Rae1 Bg7 25. Nf5 Kf8 26. Nxe6+ Rxe6 27. Bxe6 Qxe6 1-0

[Event "Sharjah Blitz op 27th"]
[Site "Sharjah"]
[Date "2022.04.08"]
[Round "7"]
[White "Mamantuc, Ibrahim Jr"]
[Black "Zubarev, Alexander2"]
[Result "1/2-1/2"]
[WhiteElo "1564"]
[BlackElo "2372"]
[PlyCount "94"]
[EventDate "2022.04.08"]
[EventType "swiss (blitz)"]
[EventRounds "9"]
[EventCountry "UAE"]
[SourceTitle "CBM 207 Extra"]
[Source "ChessBase"]
[SourceDate "2022.05.31"]
[SourceVersion "1"]
[SourceVersionDate "2022.05.31"]
[SourceQuality "1"]

1. e4 c5 2. Nc3 Nc6 3. Bc4 e6 4. a3 Nf6 5. d3 d5 6. exd5 exd5 7. Ba2 Bg4 8. f3 Be6 9. Nge2 h6 10. 0-0 Bd6 11. Bf4 0-0 12. Qd2 Re8 13. Rae1 d4 14. Ne4 Bxf4 15. Qxf4 Bxa2 16. b3 Nd5 17. Qg3 Ne3 18. Rf2 Nxc2 19. Rc1 Bxb3 20. Nf4 Re5 21. Rfxc2 Bxc2 22. Rxc2 Qe7 23. h4 b6 24. Qg4 f5 25. Qg6 fxe4 26. Qxc6 Qe8 27. Qxe8+ Raxe8 28. fxe4 g5 29. Nh5 Kf7 30. Rf2+ Kg6 31. Ng3 gxh4 32. Nf5 Kg5 33. Nd6 R8e7 34. Nf7+ Rxf7 35. Rxf7 c4 36. dxc4 Rxe4 37. Rg7+ Kf5 38. Rxa7 d3 39. Rd7 Rxc4 40. Rxd3 Rc2 41. Kh2 Kg4 42. Rd4+ Kg5 43. Rb4 Rc6 44. a4 Rd6 45. Kh3 Rd3+ 46. Kh2 Rd6 47. Kh3 Rd3+ 1/2-1/2

[Event "Sharjah Rapid op 27th"]
[Site "Sharjah"]
[Date "2022.04.07"]
[Round "6"]
[White "Mamantuc, Ibrahim Jr"]
[Black "Alkhour, Seifedin"]
[Result "1-0"]
[WhiteElo "1564"]
[BlackElo "1327"]
[PlyCount "83"]
[EventDate "2022.04.06"]
[EventType "swiss (rapid)"]
[EventRounds "9"]
[EventCountry "UAE"]
[SourceTitle "CBM 207 Extra"]
[Source "ChessBase"]
[SourceDate "2022.05.31"]
[SourceVersion "1"]
[SourceVersionDate "2022.05.31"]
[SourceQuality "1"]

1. e4 e5 2. Bc4 Nf6 3. Nc3 Nxe4 4. Qh5 Nd6 5. Qxe5+ Qe7 6. Qxe7+ Bxe7 7. Bb3 0-0 8. Nf3 Na6 9. d4 c5 10. Nd5 Bd8 11. Bf4 Re8+ 12. Kd1 Ne4 13. Rf1 b6 14. c3 Bb7 15. Ne5 Nf6 16. Nxf6+ Bxf6 17. Bxf7+ Kf8 18. Bxe8 Bxe5 19. Bxe5 Rxe8 20. f3 cxd4 21. cxd4 Nb4 22. Bd6+ Kg8 23. Bxb4 Re3 24. Kd2 Re6 25. Rac1 h6 26. Rfe1 Rg6 27. Re2 Ba6 28. Re8+ Kh7 29. g3 h5 30. Rc7 Bb5 31. Rxa7 h4 32. g4 Rf6 33. Ke3 h3 34. f4 Rc6 35. f5 Rc2 36. Raa8 Kh6 37. Bd6 Kg5 38. Kf3 Bc6+ 39. Ke3 Bb5 40. Re4 Re2+ 41. Kf3 Rxh2 42. Bxh2 1-0

[Event "Dubai HOC blitz op"]
[Site "Dubai"]
[Date "2019.08.11"]
[Round "3"]
[White "Mamantuc, Ibrahim Jr"]
[Black "Mohammed, Dilshad"]
[Result "0-1"]
[WhiteElo "1710"]
[BlackElo "2168"]
[PlyCount "90"]
[EventDate "2019.08.11"]
[EventType "swiss (blitz)"]
[EventRounds "9"]
[EventCountry "UAE"]
[SourceTitle "EXT 2020"]
[Source "ChessBase"]
[SourceDate "2019.10.17"]
[SourceVersion "1"]
[SourceVersionDate "2019.10.17"]
[SourceQuality "1"]

1. d4 d5 2. g3 Nf6 3. Bg2 e6 4. Nf3 c5 5. c3 Nc6 6. 0-0 Be7 7. Bf4 Qb6 8. Bc1 0-0 9. b3 Bd7 10. Re1 Ne4 11. Qd3 f5 12. Bf4 cxd4 13. cxd4 Nb4 14. Qd1 Rac8 15. Ne5 Be8 16. Na3 Qa5 17. Bxe4 fxe4 18. Nb1 Nc2 19. Bd2 Qd8 20. Nc3 Nxa1 21. Qxa1 Bd6 22. Ng4 Bh5 23. Ne3 Qf6 24. Rf1 Rxc3 25. Qxc3 Bxe2 26. Be1 Bxf1 27. Nxf1 h5 28. Nd2 h4 29. b4 h3 30. a3 e5 31. Qb3 Qf7 32. dxe5 Bxe5 33. g4 Bd4 34. Qxh3 Bxf2+ 35. Kf1 Bxe1+ 36. Kxe1 Qf2+ 37. Kd1 e3 38. Kc2 Qxd2+ 39. Kb3 e2 40. g5 Qd1+ 41. Kb2 Qd4+ 42. Ka2 Qc4+ 43. Kb2 d4 44. g6 Qc3+ 45. Ka2 Qxh3 0-1

[Event "Sharjah Ramadan op rapid"]
[Site "Sharjah"]
[Date "2019.05.15"]
[Round "8"]
[White "Saeed, M Nami"]
[Black "Mamantuc, Ibrahim Jr"]
[Result "0-1"]
[WhiteElo "1211"]
[BlackElo "1529"]
[PlyCount "98"]
[EventDate "2019.05.13"]
[EventType "swiss (rapid)"]
[EventRounds "9"]
[EventCountry "UAE"]
[SourceTitle "CBM 190 Extra"]
[Source "ChessBase"]
[SourceDate "2019.07.15"]
[SourceVersion "1"]
[SourceVersionDate "2019.07.15"]
[SourceQuality "1"]

1. e4 e6 2. d4 d6 3. Nf3 Be7 4. Nc3 Nd7 5. Be2 a6 6. 0-0 b6 7. a3 Bb7 8. Re1 h5 9. Nd2 h4 10. Bf3 c5 11. dxc5 bxc5 12. Nf1 Nf8 13. Qe2 g5 14. h3 Ng6 15. Nh2 Qb6 16. Rb1 Rd8 17. Be3 Nf4 18. Qd2 e5 19. Bxf4 gxf4 20. Nd5 Bxd5 21. Qxd5 Nf6 22. Qd3 Rg8 23. Ng4 Qc6 24. Nxf6+ Bxf6 25. Qd5 Qd7 26. Bg4 Rxg4 27. hxg4 Qxg4 28. Qd3 Ke7 29. Qh3 Qg6 30. Qf5 Qxf5 31. exf5 d5 32. Rbd1 e4 33. c4 Bxb2 34. cxd5 Kf6 35. Rxe4 Kxf5 36. Ra4 Rd6 37. Kf1 Bd4 38. Ke2 Ke4 39. Rd3 Kxd5 40. Kf3 Ke5 41. Rc4 Rg6 42. Ra4 f5 43. Rdxd4 cxd4 44. Ra5+ Kf6 45. Rxa6+ Kg5 46. Rxg6+ Kxg6 47. Kxf4 d3 48. Ke3 f4+ 49. Kxd3 f3 0-1

[Event "Sharjah Ramadan op rapid"]
[Site "Sharjah"]
[Date "2019.05.14"]
[Round "3"]
[White "Mamantuc, Ibrahim Jr"]
[Black "Hilwani, Talal"]
[Result "0-1"]
[WhiteElo "1529"]
[BlackElo "2274"]
[PlyCount "78"]
[EventDate "2019.05.13"]
[EventType "swiss (rapid)"]
[EventRounds "9"]
[EventCountry "UAE"]
[SourceTitle "CBM 190 Extra"]
[Source "ChessBase"]
[SourceDate "2019.07.15"]
[SourceVersion "1"]
[SourceVersionDate "2019.07.15"]
[SourceQuality "1"]

1. b4 Nf6 2. Bb2 d5 3. g3 e6 4. a3 a5 5. b5 a4 6. Nf3 Nbd7 7. Bg2 Bd6 8. 0-0 0-0 9. d3 Qe7 10. Nbd2 e5 11. c4 d4 12. Ng5 Nc5 13. Rc1 Bf5 14. Nge4 Nfxe4 15. Nxe4 Bxe4 16. dxe4 Nb3 17. Rb1 Bxa3 18. Qd3 Bxb2 19. Rxb2 Rfd8 20. f4 Nc5 21. Qb1 d3 22. e3 Nb3 23. Bf3 Qc5 24. Kf2 Qxc4 25. fxe5 Qxb5 26. Kg2 d2 27. e6 fxe6 28. Bg4 Kh8 29. Rd1 Qc5 30. Bxe6 Qxe3 31. Bxb3 Qe2+ 32. Kg1 axb3 33. Rxb3 b6 34. g4 Ra4 35. Rh3 Rxe4 36. Qc2 Rxg4+ 37. Rg3 Rxg3+ 38. hxg3 Rd3 39. Qxc7 Qxd1+ 0-1

[Event "Dubai The Arbor blitz op"]
[Site "Dubai"]
[Date "2019.04.12"]
[Round "9"]
[White "Jain, Naveen"]
[Black "Mamantuc, Ibrahim Jr"]
[Result "0-1"]
[WhiteElo "2076"]
[BlackElo "1621"]
[PlyCount "74"]
[EventDate "2019.04.12"]
[EventType "swiss (blitz)"]
[EventRounds "9"]
[EventCountry "UAE"]
[SourceTitle "CBM 189 Extra"]
[Source "ChessBase"]
[SourceDate "2019.05.31"]
[SourceVersion "1"]
[SourceVersionDate "2019.05.31"]
[SourceQuality "1"]

1. c4 e6 2. g3 d6 3. Bg2 Be7 4. Nc3 h5 5. h4 a6 6. d3 Nc6 7. Rb1 Nf6 8. Nf3 Ng4 9. b4 Bf6 10. Bd2 Nd4 11. Ne4 c5 12. bxc5 dxc5 13. 0-0 Be7 14. Bg5 f6 15. Bd2 0-0 16. Nh2 f5 17. Ng5 Nc6 18. Nhf3 e5 19. Qc2 f4 20. Ne4 Nd4 21. Nxd4 cxd4 22. Bb4 fxg3 23. fxg3 Rxf1+ 24. Bxf1 Ne3 25. Qb3 Bxh4 26. c5+ Kh8 27. Qf7 Bg4 28. Bg2 Bxg3 29. Nxg3 Qh4 30. Qf2 Kg8 31. c6 bxc6 32. Bd6 Re8 33. Bxc6 Rd8 34. Bxe5 Rf8 35. Qh2 Qg5 36. Ne4 Qf5 37. Bxd4 Qf1+ 0-1

[Event "Dubai The Arbor blitz op"]
[Site "Dubai"]
[Date "2019.04.12"]
[Round "6"]
[White "Mamantuc, Ibrahim Jr"]
[Black "Murtaza, Ali"]
[Result "0-1"]
[WhiteElo "1621"]
[BlackElo "2070"]
[PlyCount "80"]
[EventDate "2019.04.12"]
[EventType "swiss (blitz)"]
[EventRounds "9"]
[EventCountry "UAE"]
[SourceTitle "CBM 189 Extra"]
[Source "ChessBase"]
[SourceDate "2019.05.31"]
[SourceVersion "1"]
[SourceVersionDate "2019.05.31"]
[SourceQuality "1"]

1. e3 Nf6 2. d4 d5 3. c4 e6 4. Nc3 Be7 5. a3 0-0 6. Nf3 b6 7. Be2 Bb7 8. 0-0 Nbd7 9. b3 c5 10. Bb2 Rc8 11. Rc1 dxc4 12. bxc4 Qc7 13. Nb5 Qb8 14. Bd3 Rfd8 15. Re1 Qa8 16. h3 a6 17. Nc3 Nf8 18. Bf1 cxd4 19. exd4 Ng6 20. Na4 Bxf3 21. gxf3 Qb7 22. Qb3 Rb8 23. Red1 Nh4 24. Be2 Nh5 25. Qe3 g5 26. d5 exd5 27. cxd5 Re8 28. Rc4 Bf6 29. Qd2 Bxb2 30. Nxb2 Nf4 31. Rxf4 gxf4 32. Bd3 Nxf3+ 33. Kg2 Nxd2 34. Rxd2 Qxd5+ 35. f3 Kh8 36. Rd1 Rg8+ 37. Kf2 Qd4+ 38. Kf1 Rg1+ 39. Ke2 Rg2+ 40. Ke1 Qf2# 0-1

[Event "Dubai The Arbor blitz op"]
[Site "Dubai"]
[Date "2019.04.12"]
[Round "7"]
[White "Nawaf, Abdulwahed"]
[Black "Mamantuc, Ibrahim Jr"]
[Result "0-1"]
[WhiteElo "1386"]
[BlackElo "1621"]
[PlyCount "60"]
[EventDate "2019.04.12"]
[EventType "swiss (blitz)"]
[EventRounds "9"]
[EventCountry "UAE"]
[SourceTitle "CBM 189 Extra"]
[Source "ChessBase"]
[SourceDate "2019.05.31"]
[SourceVersion "1"]
[SourceVersionDate "2019.05.31"]
[SourceQuality "1"]

1. e4 e6 2. d4 d6 3. Nf3 Be7 4. Bd3 Nd7 5. b3 a6 6. Bb2 h5 7. c4 g5 8. d5 e5 9. Nc3 g4 10. Nd2 Bg5 11. Qe2 Ngf6 12. 0-0-0 Nc5 13. Kb1 Bd7 14. g3 Qb8 15. f4 gxf3 16. Nxf3 Bg4 17. Qf2 Nh7 18. h3 Bd7 19. g4 h4 20. Rhf1 Rf8 21. Nxg5 Nxg5 22. Qf6 Qd8 23. Qh6 Nxh3 24. Rf5 Bxf5 25. exf5 Nf2 26. Rg1 Nfxd3 27. g5 Qd7 28. g6 Qxf5 29. g7 Rg8 30. Qe3 Nb4+ 0-1